Contestaciones de Derecho Administrativo (Record no. 74280)

MARC details
000 -LEADER
campo de control de longitud fija 00563nam a2200157 i 4500
001 - NÚMERO DE CONTROL
campo de control 74280
003 - IDENTIFICADOR DE NÚMERO DE CONTROL
campo de control ES-MaACL
005 - FECHA Y HORA DE LA ÚLTIMA TRANSACCIÓN
campo de control 20230906172056.0
007 - CAMPO FIJO DE DESCRIPCIÓN FÍSICA--INFORMACIÓN GENERAL
campo de control de longitud fija t|
008 - DATOS DE LONGITUD FIJA--INFORMACIÓN GENERAL
campo de control de longitud fija 040916s1948 sp ||||1| spa d
100 1# - ENTRADA PRINCIPAL--NOMBRE DE PERSONA
Nombre de persona González Pérez, Jesús.
9 (RLIN) 58870
245 10 - MENCIÓN DEL TÍTULO
Título Contestaciones de Derecho Administrativo
Resto del título : (según el programa para las oposiciones al cuerpo de aspirantes a registradores) /
Mención de responsabilidad, etc. Jesús González Pérez.
260 ## - PUBLICACIÓN, DISTRIBUCIÓN, ETC.
Lugar de publicación, distribución, etc. Madrid :
Nombre del editor, distribuidor, etc. José García Perona,
Fecha de publicación, distribución, etc. 1948 (
Fabricante F. Domenech)
300 ## - DESCRIPCIÓN FÍSICA
Extensión 110 p. ;
Dimensiones 22 cm.
852 ## - LOCALIZACIÓN
Ubicación ES-MaACL
Número de control de estantería 1532-F-7
Sublocalización o colección R.26300
Holdings
Estatus retirado Estado de pérdida Estado de daño No para préstamo Colección Biblioteca de origen Biblioteca actual Ubicación en estantería Fecha de adquisición Fuente de adquisición Total de préstamos Signatura topográfica completa Código de barras Visto por última vez Precio de reemplazo Tipo de ítem Koha
        Colección de folletos Biblioteca del Ateneo de Madrid Biblioteca del Ateneo de Madrid Depósito folletos 17/01/2008     1532-F-7 1077754 23/02/2023 23/02/2023 Folleto